Una mirada desde el análisis del discurso infantil a las competencias lingüísticas involucradas en los procesos de lectura y escritura en el primer ciclo de enseñanza básica /

Este artículo tiene como propósito presentar un análisis desde una perspectiva teórica y empírica de la realidad de las competencias lingüísticas involucradas en el logro de los aprendizajes de la lectura y escritura en el primer ciclo de la enseñanza básica. Al mismo tiempo, se reflexiona acerca de...

Descripción completa

Detalles Bibliográficos
Autor principal: Díaz, Carmen
Formato: Analitica de revista
Lenguaje:español
Publicado: Santiago, Chile Pontificia Universidad Católica de Chile 2003

MARC

LEADER 00000cab a2200000 a 4500
001 036281
003 UAHC_CL
005 20170803123956.0
008 030922s1994 cl f 000 spa
040 |a UAHC_CL  |c UAHC_CL  |d UAHC_CL 
100 1 |a Díaz, Carmen 
245 1 4 |a Una mirada desde el análisis del discurso infantil a las competencias lingüísticas involucradas en los procesos de lectura y escritura en el primer ciclo de enseñanza básica /  |c Carmen Díaz. 
260 |b Pontificia Universidad Católica de Chile  |c 2003  |a Santiago, Chile 
300 |a p. 177-189 
500 |a En: Pensamiento educativo, nû32, 2003. p.177-189. ISSN 07171013. 
500 |a En: Pensamiento educativo, n°32, 2003. p.177-189. ISSN 07171013. 
500 |a En: Pensamiento educativo, nç32, 2003. p.177-189. ISSN 07171013. 
520 |a Este artículo tiene como propósito presentar un análisis desde una perspectiva teórica y empírica de la realidad de las competencias lingüísticas involucradas en el logro de los aprendizajes de la lectura y escritura en el primer ciclo de la enseñanza básica. Al mismo tiempo, se reflexiona acerca de la integración de estas competencias en la práctica pedagógica, a la luz de los resultados alcanzados en las últimas mediciones nacionales en el área. 
520 |a Este artículo tiene como propósito presentar un análisis desde una perspectiva teórica y empírica de la realidad de las competencias lingüísticas involucradas en el logro de los aprendizajes de la lectura y escritura en el primer ciclo de la enseñanza básica. Al mismo tiempo, se reflexiona acerca de la integración de estas competencias en la práctica pedagógica, a la luz de los resultados alcanzados en las últimas mediciones nacionales en el área. 
520 |a Este artÌculo tiene como propÛsito presentar un an·lisis desde una perspectiva teÛrica y empÌrica de la realidad de las competencias ling¸Ìsticas involucradas en el logro de los aprendizajes de la lectura y escritura en el primer ciclo de la enseÒanza b·sica. Al mismo tiempo, se reflexiona acerca de la integraciÛn de estas competencias en la pr·ctica pedagÛgica, a la luz de los resultados alcanzados en las últimas mediciones nacionales en el ·rea. 
759 |a PP160 
773 0 |t Revista PRELAC  |w 041234 
900 |a PENSAMIENTO EDUCATIVO-32/03 
942 |c REVA 
952 |0 0  |1 0  |4 0  |6 PENSAMIENTO_EDUCATIVO32_03_000000000000000  |7 0  |8 General  |9 69002  |a BC  |b BC  |c General  |d 2017-08-03  |l 0  |o PENSAMIENTO EDUCATIVO-32/03  |p FICTICIO4988  |r 2019-01-08 00:00:00  |t 1  |w 2017-08-03  |y REVA 
999 |c 36281  |d 36281